ბათუმის შოთა რუსთაველის სახელმწიფო უნივერსიტეტის ბიბლიოთეკა

საბჭოთა პოლიტიკა განსხვავებული აზრის მიმართ და მისი მოდელები 1953-1986 წწ. = Patterns in soviet policies towards dissent 1953-1986 / (ბიბ.ჩანაწერი № 55241)

000 -ლიდერი
ფიქსირებული სიგრძის საკონტროლო ველი 01862nam a2200289Ia 4500
001 - საკონტროლო ნომერი
საკონტროლო ველი 22317
003 - საკონტროლო ნომრის იდენტიფიკატორი
საკონტროლო ველი GE_BSU
005 - ბოლო ოპერაციის თარიღი და დრო
საკონტროლო ველი 20230309172155.0
008 - ფიქსირებული სიგრძის მონაცემთა ელემენტები - ზოგადი ინფორმაცია
ფიქსირებული სიგრძის საკონტროლო ველი 181216s||||||||xx |||||||||||||| ||und||
020 ## - წიგნის საერთაშორისო სტანდარტული ნომერი
International Standard Book Number ISBN:978-9941-18-122-1
040 ## - კატალოგიზაციის წყარო
Transcribing agency GE_BSU
041 ## - ენის კოდი
Language code of text/sound track or separate title geo
080 ## - უნივერსალური ათობითი კლასიფიკაციის ინდექსი
Universal Decimal Classification number 32(47+57) რ-22
100 ## - მთავარი ჩანაწერი - პიროვნების სახელი
Personal name რედევეი, პიტერ
9 (RLIN) 17156
245 ## - ცნობა სათაურის შესახებ
Title საბჭოთა პოლიტიკა განსხვავებული აზრის მიმართ და მისი მოდელები 1953-1986 წწ. = Patterns in soviet policies towards dissent 1953-1986 /
Statement of responsibility, etc პიტერ რედევეი ; მთარგმნ. ნინო ბარძიმიშვილი-რაზმაძე ; რედ. ნატალია ვაჩეიშვილი.
264 ## - წარმოების, გამოცემის, დისტრიბუციის და სხვა ცნობები
გამოცემის, წარმოების, დისტრიბუციის... ადგილი თბილისი :
გამოცემის, წარმოების, დისტრიბუციის... სახელწოდება ილიას სახელმწ. უნ-ტი,
გამოცემის, წარმოების, დისტრიბუციის... თარიღი 2012.
300 ## - ფიზიკური აღწერა
Extent 117 გვ. ;
Dimensions 20 სმ.
500 ## - ზოგადი შენიშვნა
General note ტექსტი, ყდა ქართულ და ინგლისურ ენებზე
504 ## - BIBLIOGRAPHY, ETC. NOTE
Bibliography, etc ბიბლიოგრაფია ტექსტების შენიშვნებსა და გვ. 115-117
653 ## - INDEX TERM--UNCONTROLLED
Uncontrolled term პოლიტიკა
653 ## - INDEX TERM--UNCONTROLLED
Uncontrolled term საბჭოთა პოლიტიკა განსხვავებული აზრის მიმართ და მისი მოდელები 1953-1986 წწ. = Patterns in soviet policies towards dissent: 1953-1986
653 ## - INDEX TERM--UNCONTROLLED
Uncontrolled term საბჭოთა პოლიტიკა
700 ## - ADDED ENTRY--PERSONAL NAME
Personal name ბარძიმიშვილი-რაზმაძე, ნინო
Relator term მთარგმნელი
9 (RLIN) 17157
700 ## - ADDED ENTRY--PERSONAL NAME
Personal name ვაჩეიშვილი, ნატალია
Relator term რედაქტორი
9 (RLIN) 9116
942 ## - ADDED ENTRY ELEMENTS (KOHA)
Koha item type წიგნი
Source of classification or shelving scheme
ეგზემპლარები
ჩამოწერის სტატუსი დაკარგული ეგზემპლარის სტატუსი კლასიფიკაციის წყარო ან თაროზე გაწყობის სქემა დაზიანების სტატუსი არ გაიცემა მუდმივი მდებარეობა (დაცვის ადგილი) ამჟამინდელი ადგილსამყოფელი თაროზე განთავსების ადგილი შეძენის თარიღი ღირებულება, შესყიდვის ნორმალური ფასი სრული შენახვის შიფრი შტრიხკოდი ბოლო ოპერაციის თარიღი ეგზემპლარის მიმდევრობითი ნომერი (კეტერი?) ფასის ძალაში შესვლის თარიღი ეგზემპლარის სახეობა საჯარო შენიშვნა
          ბათუმის შოთა რუსთაველის სახელმწიფო უნივერსიტეტის მთავარი ბიბლიოთეკა ბათუმის შოთა რუსთაველის სახელმწიფო უნივერსიტეტის მთავარი ბიბლიოთეკა წიგნსაცავი 2018-12-17 7.60 32(47+57) რ-22 57540 2018-12-17 57540 2018-12-17 წიგნი 7.60 ₾.
          ბათუმის შოთა რუსთაველის სახელმწიფო უნივერსიტეტის მთავარი ბიბლიოთეკა ბათუმის შოთა რუსთაველის სახელმწიფო უნივერსიტეტის მთავარი ბიბლიოთეკა წიგნსაცავი 2018-12-17 7.60 32(47+57) რ-22 57541 2018-12-17 57541 2018-12-17 წიგნი 7.60 ₾.